Statistics for 2023-24 NFL QB BY PICTURE

Click here to take the quiz!

General Stats

  • This quiz has been taken 128 times
  • The average score is 36 of 44

Answer Stats

Answer% Correct
Aaron Rodgers
98%
Trevor Lawrence
98%
Joe Burrow
96%
Dak Prescott
94%
Jalen Hurts
94%
Josh Allen
94%
Lamar Jackson
94%
Patrick Mahomes
94%
Russell Wilson
94%
Geno Smith
92%
Baker Mayfield
91%
C.J. Stroud
88%
Zach Wilson
88%
Jordan Love
87%
Brock Purdy
86%
Justin Herbert
86%
Tua Tagovailoa
86%
Derek Carr
85%
Deshaun Watson
85%
Matthew Stafford
85%
Jared Goff
84%
Joe Flacco
84%
Justin Fields
84%
Kirk Cousins
84%
Mac Jones
84%
Daniel Jones
83%
Jimmy Garoppolo
83%
Joshua Dobbs
83%
Kyler Murray
83%
Bryce Young
82%
Gardner Minshew
82%
Sam Howell
81%
Bailey Zappe
79%
Anthony Richardson
75%
Ryan Tannehill
74%
Kenny Pickett
71%
Tommy DeVito
70%
Will Levis
63%
Desmond Ridder
62%
Jake Browning
62%
Aidan O'Connell
56%
Mason Rudolph
56%
Tyrod Taylor
54%
Taylor Heinicke
48%

Score Distribution

Percentile by Number Answered

Percent of People with Each Score

Your Score History

You have not taken this quiz